Kraje z największą produkcją pieprzu czarnego - Statystyki

Ogólne statystyki
  • Ten quiz został rozwiązany 16 razy
  • Średni wynik to 16 z 30
Statystyki odpowiedzi
Hint Odpowiedź % Poprawnych
64205 Indie
100%
128331 Brazylia
91%
33816 Chiny
91%
81962 Indonezja
91%
272235 Wietnam
91%
2507 Kambodża
82%
742 Tajlandia
82%
10815 Meksyk
73%
4432 Etiopia
64%
1005 Filipiny
64%
38169 Malezja
64%
44090 Sri Lanka
64%
3744 Ekwador
55%
506 Kenia
55%
4168 Niger
55%
345 Peru
55%
3730 Ghana
45%
772 Gwatemala
45%
724 Honduras
45%
1011 Kostaryka
45%
4994 Madagaskar
45%
457 Tanzania
45%
2179 Uganda
45%
336 Malawi
36%
2614 Rwanda
27%
1930 Zimbabwe
27%
347 Gujana
18%
76856 Burkina Faso
9%
386 Namibia
9%
23839 Tadżykistan
0%
Nie znaleziono quizów pasujących do podanych kryteriów
Rozkład punktacji
Procent ludzi z każdym wynikiem
Percentyl według liczby udzielonych odpowiedzi
Twoja historia wyników
Nie rozwiązałeś tego quizu